| 000 | 01072cam a22003018a 4500 | ||
|---|---|---|---|
| 999 |
_c4758 _d4758 |
||
| 003 | OSt | ||
| 005 | 20220329080744.0 | ||
| 008 | 900228s1991 mdua b 001 0 eng c | ||
| 020 | _a0683004379 | ||
| 040 | _cDLC | ||
| 049 |
_aJHWW _aJHWZ [BAYVIEW] [CLASSIC] |
||
| 050 |
_aRC46 _b.P894 1990 |
||
| 096 | _aWB 101 P957 1991 | ||
| 245 | 0 | 0 |
_aPrinciples of ambulatory medicine / _cedited by L. Randol Barker, John R. Burton, Philip D. Zieve. |
| 250 | _a3rd ed. | ||
| 260 |
_aBaltimore : _bWilliams & Wilkins, _cc1991. |
||
| 300 |
_axviii, 1487 p. : _bill. (some col.) ; _c29 cm. |
||
| 504 | _aIncludes bibliographical references and index. | ||
| 590 | _aJHMI: Bayview Library has authors' autographed presentation copy. | ||
| 650 | 2 | _aAmbulatory Care. | |
| 700 | 1 |
_aZieve, Philip D., _d1932- |
|
| 700 | 1 |
_aBarker, L. Randol _q(Lee Randol) |
|
| 700 | 1 |
_aBurton, John R. _q(John Russell), _d1937- |
|
| 910 | _a144620 | ||
| 942 |
_2lcc _cBK |
||
| 945 |
_aRITT _b2 _d87.12 _gC.2 W ST,C.3 REF _k901121 _n29,68 _qF _w1 |
||
| 945 |
_aJHMB _b1 _d90.90 _gC.1 VF DESK C. _k901130 _n86 _qF _w1 |
||